000 004800000a22001690004500
003 MACL
005 20160101170235.0
008 160101b xxu||||| |||| 00| 0 eng d
040 _aMACL
_cMACL
041 _aEnglish
082 _a531/HAS
100 _aHasluck, Paul N
_926724
245 _aCyclopaedia of Mechanics
_bReceipts processes and Memoranda for Workshop use vol 2
260 _bCassell And Company Ltd
_aLondon
650 _aMechanics
_926725
942 _cBK
_k531/HAS
_2ddc
999 _c38064
_d38064